|
|
|
|
| LEADER |
00000cam a2200000 c 4500 |
| 001 |
1623065828 |
| 003 |
DE-627 |
| 005 |
20251225202629.0 |
| 007 |
tu |
| 008 |
170127s2016 fr ||||| 00| ||fre c |
| 020 |
|
|
|a 9782343104089
|c Broschur
|9 978-2-343-10408-9
|
| 035 |
|
|
|a (DE-627)1623065828
|
| 035 |
|
|
|a (DE-576)48241104X
|
| 035 |
|
|
|a (DE-599)BSZ48241104X
|
| 040 |
|
|
|a DE-627
|b ger
|c DE-627
|e rda
|
| 041 |
|
|
|a fre
|
| 044 |
|
|
|c XA-FR
|
| 050 |
|
0 |
|a HV9225.7.A5
|
| 082 |
0 |
|
|a 360
|
| 100 |
1 |
|
|a Brochard, François
|e VerfasserIn
|4 aut
|
| 245 |
1 |
0 |
|a Boko Haram?
|b pourquoi pas : c'est mieux que de mourir en prison, non? : chroniques de la prison de Bafia, 2010-2014 : essai
|c frère François Brochard
|
| 264 |
|
1 |
|a Paris
|b L'Harmattan
|c [2016]
|
| 264 |
|
4 |
|c © 2016
|
| 300 |
|
|
|a 175 Seiten
|
| 336 |
|
|
|a Text
|b txt
|2 rdacontent
|
| 337 |
|
|
|a ohne Hilfsmittel zu benutzen
|b n
|2 rdamedia
|
| 338 |
|
|
|a Band
|b nc
|2 rdacarrier
|
| 610 |
2 |
0 |
|a Boko Haram
|
| 650 |
|
0 |
|a Juvenile corrections
|x Cameroon
|
| 650 |
|
0 |
|a Juvenile Detention
|x Cameroon
|
| 650 |
|
0 |
|a Juvenile delinquents
|x Cameroon
|
| 650 |
|
0 |
|a Juvenile justice, Administration of
|x Cameroon
|
| 650 |
|
0 |
|a Ex-convicts
|x Services for
|x Cameroon
|
| 856 |
4 |
2 |
|u https://swbplus.bsz-bw.de/bsz48241104Xinh.htm
|m B:DE-576;DE-Frei85
|q application/pdf
|v 20170413153220
|x Verlag
|3 Inhaltsverzeichnis
|7 1
|
| 935 |
|
|
|a mkri
|
| 951 |
|
|
|a BO
|
| ELC |
|
|
|b 1
|
| LOK |
|
|
|0 000 xxxxxcx a22 zn 4500
|
| LOK |
|
|
|0 001 324894255X
|
| LOK |
|
|
|0 003 DE-627
|
| LOK |
|
|
|0 004 1623065828
|
| LOK |
|
|
|0 005 20170405121551
|
| LOK |
|
|
|0 008 170127||||||||||||||||ger|||||||
|
| LOK |
|
|
|0 040
|a DE-Frei85
|c DE-627
|d DE-Frei85
|
| LOK |
|
|
|0 852
|a DE-Frei85
|
| LOK |
|
|
|0 852 1
|m p
|9 00
|
| LOK |
|
|
|0 938
|k p
|
| LOK |
|
|
|0 939
|a 27-01-17
|b l01
|
| ORI |
|
|
|a SA-MARC-krimdoka001.raw
|